ბათუმის შოთა რუსთაველის სახელმწიფო უნივერსიტეტის ბიბლიოთეკა

Интеграционные процессы в западном полушарии. (ბიბ.ჩანაწერი № 44551)

000 -LEADER
fixed length control field 00755nam a2200241Ia 4500
001 - CONTROL NUMBER
control field 11354
003 - CONTROL NUMBER IDENTIFIER
control field GE_BSU
008 - FIXED-LENGTH DATA ELEMENTS--GENERAL INFORMATION
fixed length control field 181216s||||||||xx |||||||||||||| ||und||
020 ## - INTERNATIONAL STANDARD BOOK NUMBER
International Standard Book Number 9785922809702
040 ## - CATALOGING SOURCE
Transcribing agency GE_BSU
080 ## - UNIVERSAL DECIMAL CLASSIFICATION NUMBER
Universal Decimal Classification number 33
100 ## - MAIN ENTRY--PERSONAL NAME
Personal name Костюнина,Г.М.
245 ## - TITLE STATEMENT
Title Интеграционные процессы в западном полушарии.
245 ## - TITLE STATEMENT
Remainder of title Монография.
245 ## - TITLE STATEMENT
Statement of responsibility, etc. Ред:Ю.С.Айвазян; Худ:М.М.Летухова.
260 ## - PUBLICATION, DISTRIBUTION, ETC.
Place of publication, distribution, etc. Москва.
260 ## - PUBLICATION, DISTRIBUTION, ETC.
Name of publisher, distributor, etc. Мгимо-Университет.
260 ## - PUBLICATION, DISTRIBUTION, ETC.
Date of publication, distribution, etc. 2013.
300 ## - PHYSICAL DESCRIPTION
Extent 318стр;20см.
653 ## - INDEX TERM--UNCONTROLLED
Uncontrolled term Интеграционные процессы в западном полушарии.
942 ## - ADDED ENTRY ELEMENTS (KOHA)
Koha item type წიგნი
ეგზემპლარები
Withdrawn status Lost status Damaged status Not for loan Date acquired Barcode Date last seen Price effective from Koha item type
        2018-12-17 35354 2018-12-17 2018-12-17 წიგნი